Гидрографические характеристики речных бассейнов Европейской территории СССР

التفاصيل البيبلوغرافية
مؤلفون مشاركون: Главное управление гидрометеологической службы при Совете Министров СССР, Государственный гидрологический институт (ГГИ)
مؤلفون آخرون: Куприянов В. В. (редактор)
اللغة:الروسية
منشور في: Ленинград, Гидрометеоиздат, 1971
الموضوعات:
التنسيق: كتاب
KOHA link:https://koha.lib.tpu.ru/cgi-bin/koha/opac-detail.pl?biblionumber=73109

MARC

LEADER 00000nam0a2200000 4500
001 73109
005 20231031084109.0
035 |a (RuTPU)RU\TPU\book\77972 
090 |a 73109 
100 |a 20050210d1971 k y0rusy50 ca 
101 0 |a rus 
102 |a RU 
105 |a a z 001zy 
200 1 |a Гидрографические характеристики речных бассейнов Европейской территории СССР  |f Главное управление гидрометеологической службы при Совете Министров СССР, Государственный гидрологический институт, Под ред. В. В. Куприянова 
210 |a Ленинград  |c Гидрометеоиздат  |d 1971 
215 |a 99 с.  |c ил.  |e 4 отд. л. схем 
610 1 |a гидрография 
610 1 |a речные бассейны 
610 1 |a реки 
610 1 |a Европейская часть СССР 
610 1 |a таблицы 
610 1 |a справочные таблицы 
675 |a 556.5  |v 3 
702 1 |a Куприянов  |b В. В.  |4 340 
712 0 2 |a Главное управление гидрометеологической службы при Совете Министров СССР  |2 stltpush  |3 (RuTPU)RU\TPU\col\2981 
712 0 2 |a Государственный гидрологический институт (ГГИ)  |c (Санкт-Петербург)  |2 stltpush  |3 (RuTPU)RU\TPU\col\7764 
801 1 |a RU  |b 63413507  |c 20050210  |g PSBO 
801 2 |a RU  |b 63413507  |c 20140530  |g PSBO 
942 |c BK